header

The multifaceted skyrmion (Record no. 142126)

MARC details
000 -LEADER
fixed length control field 01430nam a2200373 a 4500
082 04 - DEWEY DECIMAL CLASSIFICATION NUMBER
Classification number 539.7
245 04 - TITLE STATEMENT
Title The multifaceted skyrmion
260 ## - PUBLICATION, DISTRIBUTION, ETC. (IMPRINT)
Place of publication Hackensack, N.J. :
Name of publisher World Scientific,
Year of publication c2010.
300 ## - PHYSICAL DESCRIPTION
Number of Pages xxi, 438 p. :
Other physical details ill. (some col.).
505 0# - FORMATTED CONTENTS NOTE
Formatted contents note Hadrons and nuclear matter -- Condensed matter -- String theory.
650 #0 - SUBJECT ADDED ENTRY--TOPICAL TERM
Topical Term Skyrme model.
Topical Term Condensed matter.
Topical Term Nuclear physics.
Topical Term String models.
700 1# - ADDED ENTRY--PERSONAL NAME
Personal name Brown, G. E.
Personal name Rho, Mannque.
856 40 - ELECTRONIC LOCATION AND ACCESS
Uniform Resource Identifier http://site.ebrary.com/lib/rucke/Doc?id=10422499

No items available.

© 2026 Rongo University
Contact us: librarian | system librarian | Rongo university